00522nam a2200157Ia 4500082001200000100002500012245010000037250002500137260000900162300000800171504002600179650006300205650002900268650004000297710002700337 aTB.0389 aBangkim, Nongthombam 0aSocial construction of gender: a study on parental gender-role socialization in Meitei society aPanjab Unversity, Ch c2009 a281 ainculdes bibliography aMeitheis (Indic people)vIndiavManipurvSocial conditions aSex rolevIndiavManipur aParental influencesvIndiavManipur aTeja, Mohinderjit Kaur